[Event "Mezokovesd Hegedus Memorial 4th"]
[Site "Mezokovesd"]
[Date "2023.12.29"]
[Round "5"]
[White "Pribelszky, Bence Daniel"]
[Black "Barabas, Tibor"]
[Result "1-0"]
[WhiteElo "2381"]
[BlackElo "1867"]
[PlyCount "21"]
[EventDate "2023.12.27"]
[EventType "swiss"]
[EventRounds "6"]
[EventCountry "HUN"]
[SourceTitle "CB01_2024"]
[SourceDate "2024.01.03"]
[SourceVersion "1"]
[SourceVersionDate "2024.01.03"]
[SourceQuality "1"]

1. e4 c5 2. Nf3 e6 3. d4 cxd4 4. Nxd4 Nf6 5. Nc3 Bb4 6. e5 Nd5 7. Qg4 g6 8. Bd2 h5 9. Qe4 Qa5 10. Nb3 Bxc3 11. Nxa5 1-0

[Event "Mezokovesd Hegedus Memorial 4th"]
[Site "Mezokovesd"]
[Date "2023.12.28"]
[Round "4"]
[White "Fekete, Albert"]
[Black "Pribelszky, Bence Daniel"]
[Result "1/2-1/2"]
[WhiteElo "2082"]
[BlackElo "2381"]
[PlyCount "64"]
[EventDate "2023.12.27"]
[EventType "swiss"]
[EventRounds "6"]
[EventCountry "HUN"]
[SourceTitle "CB01_2024"]
[SourceDate "2024.01.03"]
[SourceVersion "1"]
[SourceVersionDate "2024.01.03"]
[SourceQuality "1"]

1. Nf3 b6 2. e4 Bb7 3. Qe2 g6 4. Nc3 Bg7 5. d3 h6 6. g3 e5 7. Bg2 Ne7 8. Bd2 Nbc6 9. h4 d6 10. h5 g5 11. 0-0-0 Bc8 12. Nh2 Nd4 13. Qf1 g4 14. Ne2 Nec6 15. Nxd4 Nxd4 16. c3 Nc6 17. f3 Be6 18. Kb1 b5 19. Nxg4 b4 20. c4 b3 21. a3 Bxg4 22. fxg4 Bf6 23. Qf2 Bg5 24. Bc3 Qf6 25. Qxf6 Bxf6 26. Rhf1 Ke7 27. Rf3 Rhf8 28. Bd2 Bg5 29. Bxg5+ hxg5 30. Rdf1 f6 31. R3f2 Nd4 32. Bf3 c5 1/2-1/2

[Event "Mezokovesd Hegedus Memorial 4th"]
[Site "Mezokovesd"]
[Date "2023.12.28"]
[Round "3"]
[White "Pribelszky, Bence Daniel"]
[Black "Kovacs, Kristof"]
[Result "1-0"]
[WhiteElo "2381"]
[BlackElo "1917"]
[PlyCount "99"]
[EventDate "2023.12.27"]
[EventType "swiss"]
[EventRounds "6"]
[EventCountry "HUN"]
[SourceTitle "CB01_2024"]
[SourceDate "2024.01.03"]
[SourceVersion "1"]
[SourceVersionDate "2024.01.03"]
[SourceQuality "1"]

1. c4 e5 2. g3 Nc6 3. Bg2 g6 4. Nc3 Bg7 5. Nf3 Nge7 6. 0-0 0-0 7. Rb1 a5 8. a3 d6 9. b4 axb4 10. axb4 Be6 11. d3 h6 12. b5 Nb8 13. Nd2 c6 14. Qb3 Nd7 15. Ba3 Qc7 16. Ra1 c5 17. Bb2 Nb6 18. Rxa8 Rxa8 19. Ra1 Rd8 20. Ra7 d5 21. cxd5 Nexd5 22. Nxd5 Bxd5 23. Bxd5 Rxd5 24. Qa2 Qd7 25. Nc4 Nxc4 26. Qxc4 Kh7 27. Qe4 f5 28. Qc4 h5 29. Kg2 Kh8 30. Ba3 Bf8 31. Ra8 Kg7 32. Bb2 b6 33. e4 fxe4 34. dxe4 Rd4 35. Bxd4 exd4 36. Ra3 h4 37. h3 hxg3 38. Rxg3 Bd6 39. Qd5 Qe7 40. Rg4 Qe5 41. Qb7+ Kf6 42. f4 Qe7 43. e5+ Kg7 44. Qc6 Qe6 45. Qxd6 Qf5 46. Qf6+ Qxf6 47. exf6+ Kxf6 48. Kf3 c4 49. Ke4 d3 50. Ke3 1-0

[Event "HUN-ch"]
[Site "Budapest"]
[Date "2023.12.18"]
[Round "7"]
[White "Krstulovic, Alex"]
[Black "Pribelszky, Bence Daniel"]
[Result "1-0"]
[WhiteElo "2429"]
[BlackElo "2381"]
[PlyCount "81"]
[EventDate "2023.12.12"]
[EventType "swiss"]
[EventRounds "9"]
[EventCountry "HUN"]
[SourceTitle "CB52_2023"]
[SourceDate "2023.12.27"]
[SourceVersion "1"]
[SourceVersionDate "2023.12.27"]
[SourceQuality "1"]

1. d4 Nf6 2. Nf3 e6 3. c4 b6 4. g3 Bb7 5. Bg2 Be7 6. 0-0 0-0 7. Re1 Qc8 8. d5 exd5 9. cxd5 Bxd5 10. e4 Be6 11. Nc3 c6 12. Nd4 Re8 13. Bg5 h6 14. Bxf6 Bxf6 15. e5 Be7 16. Ne4 Na6 17. f4 Bf8 18. Rc1 Nc5 19. Nf2 a5 20. b3 Qb7 21. f5 Bd5 22. Qg4 Bxg2 23. Kxg2 Qc7 24. Qf4 f6 25. Nf3 d5 26. Qd4 Qc8 27. e6 Bd6 28. Ng4 Ne4 29. Nh4 Bc5 30. Qb2 Qc7 31. Rcd1 Rad8 32. Ng6 h5 33. Rxe4 dxe4 34. Nxf6+ gxf6 35. Qxf6 Qg7 36. Qxd8 Rxd8 37. Rxd8+ Kh7 38. Rd7 Kh6 39. Rxg7 Kxg7 40. Ne5 Be3 41. e7 1-0

[Event "HUN-ch"]
[Site "Budapest"]
[Date "2023.12.15"]
[Round "4"]
[White "Gaal, Zsoka"]
[Black "Pribelszky, Bence Daniel"]
[Result "0-1"]
[WhiteElo "2325"]
[BlackElo "2381"]
[PlyCount "76"]
[EventDate "2023.12.12"]
[EventType "swiss"]
[EventRounds "9"]
[EventCountry "HUN"]
[SourceTitle "CB52_2023"]
[SourceDate "2023.12.27"]
[SourceVersion "1"]
[SourceVersionDate "2023.12.27"]
[SourceQuality "1"]

1. d4 e6 2. c4 b6 3. a3 Bb7 4. Nc3 Nf6 5. d5 Qe7 6. Nf3 c6 7. Bg5 h6 8. Bxf6 gxf6 9. g3 f5 10. Qd4 Rg8 11. Qd2 Bg7 12. Rd1 Bxc3 13. Qxc3 cxd5 14. cxd5 Bxd5 15. Rxd5 exd5 16. Nd4 Qc5 17. Qe3+ Kd8 18. b4 Qc4 19. b5 Rg4 20. f4 a6 21. Qe5 axb5 22. e3 Qc5 23. Kf2 Rg8 24. Bxb5 Re8 25. Qf6+ Kc8 26. Qxf7 Rf8 27. Qg7 Rxa3 28. Rd1 Ra2+ 29. Be2 Nc6 30. Nb3 Qe7 31. Qxh6 Re8 32. Rd3 d4 33. Kf1 dxe3 34. Qh5 Qe4 35. Kg1 Rxe2 36. Qxe2 Qxd3 37. Qxd3 e2 38. Qa6+ Kc7 0-1